| 000 | 00504cam a2200205ua 4500 | ||
|---|---|---|---|
| 001 | 7438 | ||
| 005 | 20260515114219.0 | ||
| 008 | 141224n ii |||gr||||Z||||||ben | ||
| 040 | _cMAIN | ||
| 041 | _aben | ||
| 082 | _a891.444 | ||
| 100 |
_aTagore, R., _eAuthor. |
||
| 245 |
_aPather sanshay _cBy Rabindranath Tagore |
||
| 250 | _a2nd. | ||
| 260 |
_aKolkatta: _bBiswabharati, _c1966. |
||
| 300 | _a205p. | ||
| 653 | _aEast Indo-European & Celtic literatures | ||
| 653 | _aBengali essays | ||
| 942 | _cBK | ||
| 999 |
_c6556 _d6556 |
||